Statistics for The Poorest countries since 1960 by GDP Per Capita

Click here to take the quiz!

General Stats

  • This quiz has been taken 314 times
  • The average score is 7 of 14

Answer Stats

HintAnswer% Correct
1996-97, 1999DR Congo
86%
2003-15, 2017Burundi
76%
1995, 1998, 2000-02Ethiopia
70%
1961, 1964-74Rwanda
69%
2016South Sudan
64%
1980-81Uganda
60%
1993Eritrea
58%
1987, 1994Malawi
51%
1986Sierra Leone
36%
1960Lesotho
30%
1988Laos
27%
1975-79, 1983-85Nepal
25%
1989-92Vietnam
25%
1962-63, 1983Equatorial Guinea
13%

Score Distribution

Percentile by Number Answered

Percent of People with Each Score

Your Score History

You have not taken this quiz